000 00869cam a2200253 a 4500
001 3511
005 20250828160141.0
020 _a9780887768910 (hardcover)
040 _aDLC
_cDLC
_beng
050 0 0 _aPZ7.B635786
_b 2009
082 0 0 _a153.752
100 1 _aBogart, Jo Ellen
245 1 0 _aBig and small, room for all /
_cJo Ellen Bogart ; illustrated by Gillian Newland
260 _aNew York :
_bScholastic ,
_c2009
300 _a32 unnumbered pages :
_bcolor illustrations ;
_c21 cm .
505 _aC
520 _aIntroduces the reader to relative sizes, from the vastness of the universe to things too small to see with the naked eye.
521 _a150
_bLexile
521 _aC
_bRaz-Plus
650 1 _aSize
_vFiction
700 1 _aNewland, Gillian
_eillustrator
906 _a7
_bcbc
_corignew
_d2
_encip
_f20
_gy-gencatlg
942 _2ddc
_cBK
_n0
999 _c3511
_d3511